<?xml version="1.0" encoding="UTF-8"?>
<marc:record xmlns:marc="http://www.loc.gov/MARC21/slim">
   <marc:leader>00000nam a2200000 a 4500</marc:leader>
   <marc:datafield ind1="1" ind2=" " tag="100">
      <marc:subfield code="a">Mückel, Kristin</marc:subfield>
      <marc:subfield code="4">aut</marc:subfield>
      <marc:subfield code="e">Verfasser/-in</marc:subfield>
   </marc:datafield>
   <marc:datafield ind1=" " ind2=" " tag="653">
      <marc:subfield code="a">Prinzessin</marc:subfield>
   </marc:datafield>
   <marc:datafield ind1=" " ind2=" " tag="653">
      <marc:subfield code="a">Gebruststag</marc:subfield>
   </marc:datafield>
   <marc:datafield ind1="0" ind2="0" tag="245">
      <marc:subfield code="a">Prinzessin Mix Max</marc:subfield>
   </marc:datafield>
   <marc:datafield ind1="1" ind2=" " tag="520">
      <marc:subfield code="a">Ein zuckersüßes Legespiel für 2-4 Spielende von 3-10 Jahren; Spieldauer: ca. 10 Min.&#xD;
&#xD;
Die vier kleinen Prinzessinnen wollen im Schlossgarten Geburtstag feiern. Doch irgendwie ist etwas durcheinander geraten. Wer hilft dem kleinen Hund Charly dabei, die Prinzessinnen und alles, was man für eine Party braucht, im Garten zu suchen? Der Spieler, der zuerst neun Teile zu einem kompletten Prinzessinnen-Puzzle zusammensetzen kann, gewinnt.</marc:subfield>
   </marc:datafield>
   <marc:datafield ind1=" " ind2=" " tag="020">
      <marc:subfield code="a">9780168234080</marc:subfield>
      <marc:subfield code="9">9780168234080</marc:subfield>
   </marc:datafield>
</marc:record>
